000 01644cam a22004814i 4500
003 PE-LiUPU
005 20250731173037.0
008 161103q2017 mou r 000 0 eng d
020 _a0758656505
020 _a9780758656506
035 _a(Sirsi) i9780758656506
035 _a(OCoLC)961826579
_z(OCoLC)961800736
040 _aYDX
_bspa
_cYDX
_dBTCTA
_dPE-LiUPU
_erda
049 _aPRUA
082 0 0 _a224.9
_bM26
_223
100 1 _aMartín Lutero,
_d1483-1546.
_eautor.
245 1 0 _aComentario a los profetas menores /
_cMartín Lutero; Alberto L. García.
264 1 _aSaint Louis,USA :
_bEditorial Concordia,
_c2017.
300 _a289 páginas ;
_c23 centímetros
336 _atext
_2rdacontent
337 _aunmediated
_2rdamedia
338 _avolume
_2rdacarrier
505 _aComentario sobre Oseas -- Comentario sobre Joel -- Comentario sobre Amós -- Comentario sobre Abdías -- Comentario sobre Jonás.
526 _aSEG42
526 _aSEG41
526 _aSEG40
526 _aSEG39
526 _aP94
526 _aP87
526 _aP86
526 _aP85
526 _aP77
526 _aP76
526 _aP35
630 0 _aBiblia.
_pA.T.
_pProfetas Menores
_vComentarios
_yPrimeros trabajos hasta 1800.
630 0 _aBiblia.
_pA.T.
_pProfetas Menores.
700 1 _aGarcía, Alberto L.,
_eeditor.
910 _adbm
942 _2ddc
_cBK
949 _a224.9 M26
_wDEWEY
_c1
_i77548
_lCATALOGING
_mBUL
_p15.80
_r0
_sY
_tBOOK
_u2017-12-13
_xPOSGRADO
_0DONACION
_o.STAFF. Colección Teología.
999 _c26157
_d26157
980 _81
_gALBERTO SANCHEZ Responsable de Automatización